A kari fórum és a sztrájk dokumentumai

Elmentve itt :
Bibliográfiai részletek
Szerzők: Kiss Mónika
Móra Ferenc
Pató Attila
Dokumentumtípus: Cikk
Megjelent: 1989
Sorozat:Gondolat-jel
Kulcsszavak:Társadalomtudomány, Politikatörténet
Online Access:http://acta.bibl.u-szeged.hu/11436
LEADER 00671nab a2200205 i 4500
001 acta11436
005 20210707105224.0
008 161015s1989 hu o 0|| hun d
022 |a 1216-8033 
040 |a SZTE Egyetemi Kiadványok Repozitórium  |b hun 
041 |a hun 
100 1 |a Kiss Mónika 
245 1 2 |a A kari fórum és a sztrájk dokumentumai  |h [elektronikus dokumentum] /  |c  Kiss Mónika 
260 |c 1989 
300 |a 12-30 
490 0 |a Gondolat-jel 
695 |a Társadalomtudomány, Politikatörténet 
700 0 1 |a Móra Ferenc  |e aut 
700 0 1 |a Pató Attila  |e aut 
856 4 0 |u http://acta.bibl.u-szeged.hu/11436/1/gondolatjel_1989_1_012-030.pdf  |z Dokumentum-elérés